[Event "Chigorin Mem"]
[Site "St Petersburg RUS"]
[Date "2005.10.22"]
[Round "8"]
[White "Vorobiov,E"]
[Black "Klimov,S"]
[Result "1/2-1/2"]
[WhiteElo "2549"]
[BlackElo "2469"]

1.e4 c5 2.Nf3 e6 3.Nc3 Nc6 4.d4 cxd4 5.Nxd4 Qc7 6.f4 a6 7.Nxc6 Qxc6 8.Bd3 b5
9.Qe2 Bb7 10.Bd2 b4 11.Nd5 f5 12.c4 Kf7 13.Nxb4 Bxb4 14.Bxb4 fxe4 15.Bc2 Nf6
16.Bc3 Rhc8 17.b3 d5 18.Bd4 dxc4 19.O-O Rd8 20.Rad1 Rac8 21.h3 a5 22.Qe3 cxb3
23.Bb1 b2 24.Bxb2 Rxd1 25.Rxd1 Qa4 26.Re1 Rd8 27.Bxf6 gxf6 28.Bxe4  1/2-1/2

[Event "Chigorin Mem"]
[Site "St Petersburg RUS"]
[Date "2005.10.22"]
[Round "8"]
[White "Kashtanov,R"]
[Black "Tunik,G"]
[Result "1-0"]
[WhiteElo "2353"]
[BlackElo "2457"]

1.e4 c5 2.Nf3 e6 3.d4 cxd4 4.Nxd4 Nc6 5.Nc3 a6 6.Be2 Qc7 7.O-O Nf6 8.Be3 d6
9.f4 Be7 10.Kh1 O-O 11.Qe1 Nxd4 12.Bxd4 b5 13.a3 Bb7 14.Qg3 Bc6 15.Rae1 Qb7
16.Bd3 g6 17.f5 e5 18.Be3 Kh8 19.Qh4 Nxe4 20.f6 Nxf6 21.Rxf6 Bxg2+ 22.Kg1 Qf3
23.Bg5 Qh3 24.Qxh3 Bxh3 25.Rxg6 hxg6 26.Bxe7 Rfe8 27.Bxd6 Re6 28.Bxe5+ f6
29.Bg3 Rxe1+ 30.Bxe1 Kg7 31.Ne4 Bf5 32.Bc3 Bxe4 33.Bxe4 Re8 34.Bd3 g5 35.Kg2 Kf7
36.Bb4 Rd8 37.b3 Ke6 38.Bd2 Rd4 39.Be3 Rg4+ 40.Kf3 Rh4 41.Bg1 f5 42.c4 bxc4
43.Bxc4+ Ke5 44.a4 Rh3+ 45.Kg2 Rc3 46.a5 g4 47.Bf2 f4 48.Bxa6 Rxb3 49.Bf1 Rb1
50.a6 f3+ 51.Kg1 Ra1 52.a7 Kf4 53.Bd4 Ra4 54.Bb5  1-0

[Event "TCh-BEL 2005-6"]
[Site "Belgium BEL"]
[Date "2005.10.23"]
[Round "2"]
[White "Bolzoni,V"]
[Black "Goormachtigh,J"]
[Result "1-0"]
[WhiteElo "2222"]
[BlackElo "2231"]

1.e4 c5 2.Nf3 e6 3.d4 cxd4 4.Nxd4 Nc6 5.Nc3 Qc7 6.g3 a6 7.Bg2 Nf6 8.O-O Nxd4
9.Qxd4 Bc5 10.Qd3 Ng4 11.Qe2 Ne5 12.Kh1 d6 13.f4 Nd7 14.Rd1 O-O 15.Qd3 b5
16.a3 Bb7 17.b3 Nf6 18.h3 e5 19.Ra2 Rfe8 20.f5 Bd4 21.Ne2 d5 22.Nxd4 dxe4
23.Nxb5 Qc6 24.Nd4 Qb6 25.Qc4 Rac8 26.Qb4 Qxb4 27.axb4 exd4 28.Rxd4 Rcd8
29.Bb2 Rxd4 30.Bxd4 Nd5 31.c3 Rc8 32.Bxe4 Rxc3 33.Ra5 Rc1+ 34.Kh2  1-0

[Event "Essent Open"]
[Site "Hoogeveen NED"]
[Date "2005.10.23"]
[Round "3"]
[White "Van Nies,P"]
[Black "Spoelman,W"]
[Result "0-1"]
[WhiteElo "2063"]
[BlackElo "2362"]

1.e4 c5 2.Nf3 e6 3.d4 cxd4 4.Nxd4 Nc6 5.Nc3 Qc7 6.Nb3 Nf6 7.Bd3 a6 8.a3 b5
9.f4 d6 10.Qe2 Bb7 11.O-O Be7 12.Be3 O-O 13.Rae1 Rac8 14.Qf3 b4 15.axb4 Nxb4
16.Qg3 Nd7 17.Kh1 Kh8 18.Bd4 e5 19.fxe5 dxe5 20.Nd5 Nxd5 21.exd5 Bd6 22.Bc3 g6
23.Qh3 f5 24.Bd2 Bxd5 25.Bxa6 Rb8 26.Bc3 Nf6 27.Nd2 Kg8 28.Be2 Rbe8 29.b3 Bc5
30.Nc4 Ne4 31.Qd3 Nxc3 32.Qxc3 Ba7 33.Rd1 Ba8 34.Qd2 Bb8 35.Qe1 e4 36.Qh4 f4
37.Nd6 Rd8 38.Bc4+ Kg7 39.Rxf4 Rxd6 40.Rdf1 Rxf4 41.Qxf4 Qe7 42.Qc1 Rf6 43.Qa1 Qe5  0-1

[Event "5th Rohde Open"]
[Site "Sautron FRA"]
[Date "2005.10.23"]
[Round "2"]
[White "Rihouay,C"]
[Black "Jaulin,P"]
[Result "0-1"]
[WhiteElo "2172"]
[BlackElo "2143"]

1.e4 c5 2.Nf3 Nc6 3.Nc3 e6 4.d4 cxd4 5.Nxd4 Nf6 6.Nxc6 bxc6 7.e5 Nd5 8.Ne4 Qc7
9.f4 Qb6 10.Qf3 Bb7 11.Bd3 Be7 12.a3 f5 13.Nd2 Qe3+ 14.Qxe3 Nxe3 15.Kf2 Ng4+
16.Ke2 O-O 17.h3 Nh6 18.Nc4 c5 19.Rg1 Rac8 20.Bd2 Nf7 21.g4 d5 22.exd6 Nxd6
23.gxf5 Nxc4 24.Bxc4 Bd5 25.Kd3 Rxf5 26.Rae1 Rd8 27.Be3 Bf3+ 28.Kc3 Bf6+
29.Kb3 Rb8+ 30.Ka4 Bc6+ 31.Ka5 Bd8+ 32.Ka6 Rb6+ 33.Ka5 Rb4+  0-1

[Event "Chigorin Mem"]
[Site "St Petersburg RUS"]
[Date "2005.10.23"]
[Round "9"]
[White "Melnikov,D"]
[Black "Kim,Alex"]
[Result "1-0"]
[WhiteElo "2327"]
[BlackElo "2437"]

1.e4 c5 2.Nf3 e6 3.Nc3 Nc6 4.d4 cxd4 5.Nxd4 Qc7 6.g3 a6 7.Bg2 Nf6 8.O-O Be7
9.Be3 O-O 10.Qe2 d6 11.Rad1 Bd7 12.f4 Rac8 13.Kh1 b5 14.a3 Nxd4 15.Bxd4 Bc6
16.Bg1 Qb7 17.g4 Rfe8 18.g5 Nd7 19.Rd3 a5 20.b4 axb4 21.axb4 Nf8 22.h4 Nd7
23.h5 Nb6 24.g6 fxg6 25.hxg6 h6 26.f5 exf5 27.Rxf5 Bf6 28.Rxf6 gxf6 29.Rxd6 Qe7
30.Bc5 Qe5 31.Nxb5 Ra8 32.Rxc6 Ra1+ 33.Bg1 Qg5 34.Rc3 Rd8 35.Kh2 Qe5+ 36.Rg3 Rxg1
37.Qe3 Rxg2+ 38.Kxg2 Qxb5 39.Qxh6 Qe2+ 40.Kh3 Qf1+ 41.Kh2  1-0

[Event "SCG First League m"]
[Site "Vrnjacka Banja SCG"]
[Date "2005.10.23"]
[Round "7"]
[White "Perunovic,Mil"]
[Black "Sedlak,N"]
[Result "1/2-1/2"]
[WhiteElo "2514"]
[BlackElo "2512"]

1.e4 c5 2.Nf3 e6 3.Nc3 Nc6 4.d4 cxd4 5.Nxd4 d6 6.Be3 Nf6 7.f3 Be7 8.Qd2 O-O
9.O-O-O d5 10.exd5 Nxd5 11.Nxd5 Qxd5 12.Kb1 Nxd4 13.Qxd4 Qxd4 14.Bxd4 Rd8
15.Bb5 a6 16.Be2 b5 17.Bb6 Re8 18.c4 bxc4 19.Bxc4 Bb7 20.Rd7 Bc6 21.Rc7 Bd5
22.Bxd5 exd5 23.Bd4 Bd6 24.Rc6 Re6 25.h3 Bf4  1/2-1/2

[Event "SCG First League w"]
[Site "Vrnjacka Banja SCG"]
[Date "2005.10.23"]
[Round "7"]
[White "Eric,J"]
[Black "Bojovic,J"]
[Result "1-0"]
[WhiteElo "2005"]
[BlackElo "1940"]

1.e4 c5 2.Nf3 e6 3.d4 cxd4 4.Nxd4 Nc6 5.Nc3 Qc7 6.Be3 a6 7.Qd2 Nxd4 8.Bxd4 b5
9.O-O-O Rb8 10.Kb1 Ne7 11.f3 Nc6 12.Be3 Ne5 13.Bf4 Bc5 14.Qe1 d6 15.Qg3 O-O
16.h4 Rd8 17.h5 Nc4 18.Bg5 Rf8 19.Bf6 g6 20.Qg5 Bd4 21.Rxd4  1-0

[Event "Bundesliga 2005-6"]
[Site "Wattenscheid GER"]
[Date "2005.10.23"]
[Round "2"]
[White "Hracek,Z"]
[Black "Macieja,B"]
[Result "1/2-1/2"]
[WhiteElo "2581"]
[BlackElo "2592"]

1.e4 c5 2.Nf3 Nc6 3.d4 cxd4 4.Nxd4 e6 5.Nc3 Qc7 6.Be3 a6 7.Qd2 Nf6 8.O-O-O Ng4
9.Bf4 Nge5 10.Bg3 Nxd4 11.Qxd4 f6 12.f4 Bc5 13.Qd2 Nf7 14.e5 f5 15.Bf2 Bxf2
16.Qxf2 b5 17.Rg1 Qa7 18.Qxa7 Rxa7 19.g4 fxg4  1/2-1/2

[Event "Essent Open"]
[Site "Hoogeveen NED"]
[Date "2005.10.24"]
[Round "4"]
[White "Rothuis,V"]
[Black "Rogers,I"]
[Result "1/2-1/2"]
[WhiteElo "2313"]
[BlackElo "2556"]

1.e4 c5 2.Nf3 Nc6 3.d4 cxd4 4.Nxd4 e6 5.Nc3 Qc7 6.Be2 a6 7.Be3 Nf6 8.O-O Bb4
9.Na4 O-O 10.Nxc6 bxc6 11.Nb6 Rb8 12.Nxc8 Rfxc8 13.Bxa6 Rf8 14.Bd3 Bd6 15.f4 e5
16.f5 Rxb2 17.Bg5 Be7 18.a4 d5 19.Bxf6 Bxf6 20.Qe1 Ra8 21.a5 h5 22.Kh1 h4
23.a6 Rb6 24.Ra5 Qd6  1/2-1/2

[Event "zt 2.4"]
[Site "Sao Paulo BRA"]
[Date "2005.10.24"]
[Round "3"]
[White "Di Berardino,D"]
[Black "Leitao,R"]
[Result "0-1"]
[WhiteElo "2312"]
[BlackElo "2586"]

1.e4 c5 2.Nf3 Nc6 3.d4 cxd4 4.Nxd4 e6 5.Nc3 a6 6.Be2 d6 7.O-O Nf6 8.Be3 Be7
9.f4 O-O 10.Qe1 Nxd4 11.Bxd4 b5 12.a3 Bb7 13.Qg3 g6 14.Bf3 a5 15.Rad1 b4
16.e5 Bxf3 17.Qxf3 bxc3 18.exf6 Bxf6 19.Qxc3 Bxd4+ 20.Qxd4 d5 21.Rd3 Rc8
22.c3 Re8 23.b4 Qc7 24.Rb1 Qb8 25.g3 Rc4 26.Qe3 Rec8 27.b5 Qb7 28.b6 R4c6
29.f5 gxf5 30.Qg5+ Kf8 31.Qh6+ Ke7 32.Qg5+ Kf8 33.Qh6+ Ke8 34.Qxh7 Rxb6 35.Rbd1 Rb1
36.Qg8+ Ke7 37.Qg5+ Kf8 38.Qh6+ Ke8 39.Qh8+ Ke7 40.Qh4+ f6 41.Qh6 Rxd1+ 42.Rxd1 Qb6+
43.Kh1 Qf2 44.Rb1 Rb8  0-1

[Event "II Open"]
[Site "Calvia ESP"]
[Date "2005.10.25"]
[Round "6"]
[White "Rhein,K"]
[Black "Ilic,Ljubo"]
[Result "0-1"]
[WhiteElo "2111"]
[BlackElo "2242"]

1.e4 c5 2.Nc3 e6 3.Nf3 Nc6 4.d4 cxd4 5.Nxd4 a6 6.Be2 d6 7.O-O Nf6 8.Be3 Be7
9.Kh1 O-O 10.f4 Bd7 11.a4 Rc8 12.Nb3 Na5 13.e5 Ne8 14.Bd3 g6 15.Ne4 Nxb3
16.cxb3 Bc6 17.exd6 Nxd6 18.Nxd6 Qxd6 19.Bc4 Qxd1 20.Raxd1 Rfd8 21.Bb6 Rxd1
22.Rxd1 Bf6 23.Rd2 Bxa4 24.Kg1 Bb5 25.Bxb5 axb5 26.Kf2 Kf8 27.Ke3 Ke8 28.Ke4 h5
29.g3 Rc1 30.Bd4 Be7 31.Bc3 g5 32.b4 g4 33.Ke3 Re1+ 34.Kd3 f5 35.Kc2 Re4
36.Kb3 h4 37.Rf2 hxg3 38.hxg3 Re3 39.Rg2 Kf7 40.Kc2 Bf6 41.Kd2 Rf3 42.Kc2 Bxc3
43.bxc3 e5 44.fxe5 Ke6 45.Kb3 Kxe5 46.Re2+ Kf6 47.Rg2 Kg5 48.Kc2 f4 49.gxf4+ Kxf4
50.Rd2 g3 51.Rd4+ Kg5 52.Rd7 Rf6  0-1

[Event "Jababeka Women"]
[Site "Jakarta INA"]
[Date "2005.10.25"]
[Round "8"]
[White "Tamin,U"]
[Black "Alexandria,N"]
[Result "1/2-1/2"]
[WhiteElo "2219"]
[BlackElo "2323"]

1.e4 c5 2.Nf3 e6 3.d4 cxd4 4.Nxd4 Nc6 5.Nc3 Qc7 6.Be2 a6 7.a3 Nf6 8.Be3 Na5
9.O-O Nc4 10.Bxc4 Qxc4 11.Bg5 d6 12.Qd2 b5 13.Rad1 Be7 14.f3 Rb8 15.Kh1 O-O
16.Nb3  1/2-1/2

[Event "Femida"]
[Site "Kharkiv UKR"]
[Date "2005.10.25"]
[Round "10"]
[White "Aveskulov,V"]
[Black "Firman,N"]
[Result "1/2-1/2"]
[WhiteElo "2457"]
[BlackElo "2466"]

1.e4 c5 2.Nf3 e6 3.d4 cxd4 4.Nxd4 Nc6 5.Nc3 a6 6.Be2 Qc7 7.O-O b5 8.Nxc6 dxc6
9.f4 Bb7 10.Bf3 e5 11.Qe1 Bd6 12.f5 Nf6 13.Qg3 Bc5+ 14.Kh1 Rg8 15.Rd1 h6
16.b3 Qe7 17.Ne2 Bd6 18.Bb2 O-O-O 19.a4 h5 20.axb5 cxb5 21.c4 h4 22.Qxh4 Nxe4
23.Qe1 Bb4 24.Nc3 Bxc3 25.Bxc3 Nxc3 26.Bxb7+ Kxb7 27.Qxc3 Rxd1+ 28.Rxd1 Rd8
29.Re1 b4 30.Qe3 f6 31.c5 Rd5 32.Rc1 Kc6 33.Qe4 a5 34.h4 Qa7 35.Kh2 a4 36.bxa4 Qxa4
37.Rc4 Qa2 38.Rxb4 Kxc5 39.Rb7 Qd2 40.Rxg7 Qf4+ 41.Qxf4 exf4 42.Ra7 Kd6 43.Kh3 Rxf5
44.Kg4 Rb5 45.Kxf4 Ke6 46.Ra4 Rb2 47.g3 Kf7 48.h5 Kg7 49.Kg4 Rf2 50.Kh4 Rh2+
51.Kg4 Rf2 52.Rb4 Rf1 53.Rc4 Rf2 54.Rc7+ Kh6 55.Rc5 Kg7 56.Rc1 Kh6 57.Rc6 Rf1
58.Ra6 Rf2 59.Ra5 Kg7 60.Ra4 Rf1 61.Rd4 Rf2 62.Rf4 Rh2 63.Rf5 Rh1 64.Rf2 Ra1
65.Kh3 Rh1+ 66.Rh2 Rxh2+ 67.Kxh2 Kh6 68.g4 f5 69.gxf5 Kxh5 70.f6 Kg6 71.f7 Kxf7  1/2-1/2

[Event "Essent Open"]
[Site "Hoogeveen NED"]
[Date "2005.10.26"]
[Round "6"]
[White "Rothuis,V"]
[Black "Souleidis,G"]
[Result "1-0"]
[WhiteElo "2313"]
[BlackElo "2421"]

1.e4 c5 2.Nf3 Nc6 3.Nc3 e6 4.d4 cxd4 5.Nxd4 Qb6 6.Nb3 Nf6 7.Qe2 Bb4 8.Bd2 O-O
9.a3 Bxc3 10.Bxc3 e5 11.O-O-O d6 12.Rxd6 Be6 13.Ba5 Nxa5 14.Rxb6 axb6 15.Nxa5 bxa5
16.f3 b5 17.Qxb5 Nd7 18.Be2 Rfb8 19.Qc6 Rc8 20.Qd6 Nc5 21.Kb1 f6 22.Qe7 Bf7
23.Rd1 Rab8 24.Ka1 h6 25.f4 h5 26.fxe5 fxe5 27.g4 Ne6 28.Rd7  1-0

[Event "SCG First League w"]
[Site "Vrnjacka Banja SCG"]
[Date "2005.10.26"]
[Round "10"]
[White "Korbut,E"]
[Black "Djingarova,E"]
[Result "1-0"]
[WhiteElo "2391"]
[BlackElo "2358"]

1.e4 c5 2.Nf3 e6 3.d4 cxd4 4.Nxd4 Nc6 5.Nc3 Qc7 6.Ndb5 Qb8 7.Be3 d6 8.Bf4 Ne5
9.Qd4 Bd7 10.O-O-O Nf6 11.Nxd6+ Bxd6 12.Qxd6 Qxd6 13.Rxd6 Ng6 14.Bg3 Nh5
15.Be2 Nxg3 16.hxg3 Bc6 17.f4 Ke7 18.Rd2 a6 19.Bf3 Rac8 20.Rhd1 Rc7 21.Ne2 Rhc8
22.Nd4 Ba4 23.b3 Be8 24.Kb2 Nf8 25.e5 Nd7 26.Re1 Nc5 27.g4 h6 28.f5 Rd8 29.f6+ gxf6
30.Nf5+ exf5 31.exf6+ Kxf6 32.Rxd8 fxg4 33.Bxg4 Bc6 34.Rd6+ Kg7 35.Bf5 a5
36.Re3 a4 37.b4 a3+ 38.Kxa3  1-0

[Event "Essent Open"]
[Site "Hoogeveen NED"]
[Date "2005.10.27"]
[Round "7"]
[White "Goloshchapov,A"]
[Black "Michielsen,J"]
[Result "1-0"]
[WhiteElo "2523"]
[BlackElo "2362"]

1.e4 c5 2.Nf3 e6 3.d4 cxd4 4.Nxd4 Nc6 5.Nc3 d6 6.Be3 Nf6 7.Qd2 Be7 8.f3 O-O
9.O-O-O d5 10.exd5 Nxd5 11.Nxd5 Qxd5 12.Nxc6 Qxc6 13.Bd3 Rd8 14.Kb1 Qc7 15.h4 e5
16.Qe2 Be6 17.Bg5 Rd4 18.Rhe1 f6 19.Bc1 Rad8 20.g4 Qa5 21.b3 Bb4 22.Rg1 Bc3
23.Bb2 Rc8 24.Bxc3 Rxc3 25.Bxh7+ Kxh7 26.Rxd4 exd4 27.Qxe6 Qe5 28.Qxe5 fxe5
29.Re1 Rxf3 30.Rxe5 d3 31.cxd3 Rxd3 32.Re7 Rd4 33.Rxb7 Rxg4 34.Rxa7 Rxh4
35.a4 Kh6 36.a5 g5 37.a6 Rb4 38.Rb7  1-0

[Event "5th Rohde Open"]
[Site "Sautron FRA"]
[Date "2005.10.27"]
[Round "6"]
[White "Cornette,M"]
[Black "Marchadour,E"]
[Result "1-0"]
[WhiteElo "2418"]
[BlackElo "2030"]

1.e4 c5 2.Nf3 e6 3.d4 cxd4 4.Nxd4 Nc6 5.Nc3 Qc7 6.Be2 a6 7.O-O Nf6 8.Kh1 Nxd4
9.Qxd4 Bc5 10.Qd3 O-O 11.Bg5 Be7 12.f4 d6 13.Qg3 Rd8 14.Bd3 Ne8 15.e5 Bxg5
16.Qxg5 f5 17.exf6 Nxf6 18.Rf3 Rf8 19.Rh3 g6 20.Rh6 Ne8 21.Re1 Qg7 22.Bxg6 Nf6
23.Ne4  1-0

[Event "Open A"]
[Site "Arco HUN"]
[Date "2005.10.28"]
[Round "7"]
[White "Antoniacci,R"]
[Black "Astengo,C"]
[Result "1/2-1/2"]
[WhiteElo "1972"]
[BlackElo "2105"]

1.e4 c5 2.Nf3 Nc6 3.d4 cxd4 4.Nxd4 e6 5.Nc3 Qc7 6.Be3 a6 7.Qd2 Nf6 8.f3 Bb4
9.a3 Bxc3 10.Qxc3 d5 11.Nxc6 Qxc6 12.Qd4 dxe4 13.Bg5 exf3 14.O-O-O Bd7 15.Bxf6 gxf6
16.Qxf6 Rg8 17.gxf3 Rc8 18.Bd3 Qc5 19.Bxh7 Rg2 20.Rxd7 Rxc2+ 21.Kb1 Rc1+
22.Rxc1 Qxc1+ 23.Ka2 Qc4+  1/2-1/2

[Event "II Open"]
[Site "Calvia ESP"]
[Date "2005.10.28"]
[Round "9"]
[White "Papp,Ga"]
[Black "Franco Ocampos,Z"]
[Result "1/2-1/2"]
[WhiteElo "2474"]
[BlackElo "2524"]

1.e4 c5 2.Nf3 Nc6 3.d4 cxd4 4.Nxd4 e6 5.Nc3 a6 6.Be3 Nf6 7.Qd2 Bb4 8.f3 d5
9.a3 Qa5 10.Nb3 Bxc3 11.bxc3 Qc7 12.Bf4 e5 13.exd5 exf4 14.dxc6 O-O 15.O-O-O Qxc6
16.Qxf4 Qxc3 17.Qd4 Qc7 18.Qd6 Qxd6 19.Rxd6 Re8 20.Nc5 Kf8 21.Bd3 Re5 22.Na4 Ke7
23.Rd4 Be6 24.f4 Ra5 25.Nb6 Rd8 26.Rxd8 Kxd8 27.Kb2 Kc7 28.Nc4 Ra4 29.Ne3 Rxf4
30.Rf1 Rxf1 31.Bxf1 Kd6 32.Kc3 Ke5 33.a4 a5 34.Nc4+ Bxc4 35.Kxc4 Nd5 36.Kb5 Kd4
37.g3 Nc3+ 38.Kb6 Nxa4+ 39.Kxa5 Nc5 40.Kb6 f5 41.c3+ Kd5 42.Bg2+ Kd6 43.c4 g5
44.Bd5 Na4+ 45.Kxb7 Kc5 46.Kc7 Nb6 47.Be6 f4 48.gxf4 gxf4 49.Kd8 f3 50.Bg4 f2
51.Be2 Nxc4 52.Ke7 Ne5 53.Kf6 Kd4 54.h4 Ke3 55.Bf1 Kf4 56.h5 h6 57.Be2 Ng4+
58.Kg6 Ke3 59.Ba6 Kd4 60.Be2 Kc3 61.Kg7 Kd2 62.Ba6 Ne5 63.Bf1 Ke1 64.Ba6 Nf3
65.Kxh6 Nd4 66.Kg7 Ne2 67.Bxe2 Kxe2 68.h6  1/2-1/2

[Event "ch-Elwood"]
[Site "Elwood AUS"]
[Date "2005.10.29"]
[Round "3"]
[White "Dragicevic,Do"]
[Black "Bjelobrk,I"]
[Result "0-1"]
[WhiteElo "2135"]
[BlackElo "2399"]

1.e4 c5 2.Nf3 e6 3.d4 cxd4 4.Nxd4 Nc6 5.Nc3 Qc7 6.Be3 a6 7.Qd2 Nf6 8.O-O-O Bb4
9.f3 O-O 10.g4 b5 11.g5 Nh5 12.Nxc6 dxc6 13.Bh3 e5 14.Bg4 Nf4 15.Bxf4 exf4
16.Rhf1 Bxg4 17.fxg4 Rae8 18.Rde1 Bd6 19.Qd3 Be5 20.Ne2 Rd8 21.Qf3 Qa5 22.Kb1 Qb4
23.Qb3 Qd2 24.Qf3 f6 25.Nxf4 Bxf4 26.Qxf4 fxg5 27.Qxd2 Rxd2 28.Rxf8+ Kxf8
29.c4 Rxh2 30.cxb5 cxb5 31.Rc1 Re2 32.Rc8+ Ke7 33.Rc7+ Kf6 34.Rc6+ Ke5 35.Rxa6 Kf4
36.Rb6 Kxg4 37.Rxb5 h5 38.a4 h4 39.Rb8 h3 40.Rh8 Rxe4 41.b3 Kg3 42.a5 Rh4  0-1

[Event "1st Rapid"]
[Site "Venaco FRA"]
[Date "2005.10.29"]
[Round "9"]
[White "Socko,B"]
[Black "Lautier,J"]
[Result "1-0"]
[WhiteElo "2610"]
[BlackElo "2680"]

1.e4 c5 2.Nf3 e6 3.d4 cxd4 4.Nxd4 Nc6 5.Nc3 a6 6.Be2 d6 7.Be3 Nf6 8.f4 Be7
9.g4 Nd7 10.Nf3 b5 11.Qd2 Nc5 12.a3 Qc7 13.O-O Bb7 14.Rad1 O-O 15.g5 b4 16.axb4 Nxb4
17.f5 Rfe8 18.Nd4 d5 19.fxe6 fxe6 20.exd5 Bd6 21.Bf3 exd5 22.Nf5 Kh8 23.Nxd6 Qxd6
24.Bf4 Qb6 25.Kh1 d4 26.Qxd4 Bxf3+ 27.Rxf3 Nxc2 28.Qf2 Qc6 29.Rd5 Ne1 30.Re3 Ned3
31.Qf3 Nxf4 32.Qxf4 Rf8 33.Qc4 Rac8 34.Re5 Qb7 35.Qd4 Nb3 36.Qe4 Qf7 37.Rf5 Qh5
38.Rxf8+ Rxf8 39.Rf5 Rg8 40.Kg2 Nd2 41.Qe6 Qg4+ 42.Kf2 Nc4 43.Nd5 Qd4+ 44.Kg3 Qd3+
45.Rf3 Qg6 46.Qxg8+  1-0

[Event "9th Bavarian Open"]
[Site "Bad Wiessee GER"]
[Date "2005.10.30"]
[Round "2"]
[White "Landa,K"]
[Black "Zunker,R"]
[Result "1-0"]
[WhiteElo "2600"]
[BlackElo "2188"]

1.e4 c5 2.Nf3 e6 3.Nc3 Nc6 4.d4 cxd4 5.Nxd4 Qc7 6.Be2 a6 7.O-O Nf6 8.Be3 b5
9.Nxc6 dxc6 10.f4 b4 11.e5 Nd5 12.Nxd5 cxd5 13.Qd4 Qa5 14.a3 bxa3 15.c3 Bd7
16.b4 Qa4 17.Bd1 Qc6 18.Rxa3 Qc4 19.Qxc4  1-0

[Event "TCh-HUN 2005-6"]
[Site "Hungary HUN"]
[Date "2005.10.30"]
[Round "2"]
[White "Tolnai,T"]
[Black "Dovzik,J"]
[Result "1/2-1/2"]
[WhiteElo "2459"]
[BlackElo "2405"]

1.e4 c5 2.Nf3 Nc6 3.Nc3 e6 4.d4 cxd4 5.Nxd4 Nf6 6.Ndb5 Bb4 7.a3 Bxc3+ 8.Nxc3 d5
9.exd5 exd5 10.Bd3 O-O 11.O-O d4 12.Ne2 Bg4 13.Bg5 Qd6 14.Qd2 Bxe2 15.Qxe2 Rfe8
16.Qd2 Ne4 17.Bxe4 Rxe4 18.Rfe1 Rae8 19.Rxe4 Rxe4 20.Re1 Qe5 21.Rxe4 Qxe4
22.Bf4 h6 23.h3  1/2-1/2

[Event "TCh-HUN 2005-6"]
[Site "Hungary HUN"]
[Date "2005.10.30"]
[Round "2"]
[White "Pergel,L"]
[Black "Horvath,Z1"]
[Result "0-1"]
[WhiteElo "2341"]
[BlackElo "2339"]

1.e4 c5 2.Nf3 e6 3.Nc3 Nc6 4.d4 cxd4 5.Nxd4 a6 6.g3 d6 7.Bg2 Bd7 8.O-O Nf6
9.Re1 Be7 10.Nce2 O-O 11.c4 Nxd4 12.Nxd4 Rc8 13.b3 b5 14.cxb5 axb5 15.a4 bxa4
16.bxa4 d5 17.exd5 Nxd5 18.Bxd5 exd5 19.Rxe7 Qxe7 20.Ba3 Qe4 21.Bxf8 Bh3
22.Nf3 Kxf8 23.Ne1 Re8 24.Qd2 d4 25.f3 Qd5 26.Rd1 Qc4 27.Nd3 Qxa4 28.Qb4+ Qxb4
29.Nxb4 Re2 30.Nd3 Rg2+ 31.Kh1 g5 32.f4 h6 33.Ne5 gxf4 34.gxf4 Rf2 35.Nc6 d3
36.Ne5 d2 37.Nc4 Rxf4 38.Ne3 Rf2 39.Nc4 Rf4 40.Ne3 Re4 41.Nc2 Re2 42.Kg1 Bf5
43.Kf1 Bd3  0-1

[Event "5th Rohde Open"]
[Site "Sautron FRA"]
[Date "2005.10.30"]
[Round "9"]
[White "Pham Minh Hoang"]
[Black "Cornette,M"]
[Result "1/2-1/2"]
[WhiteElo "2466"]
[BlackElo "2418"]

1.e4 c5 2.Nf3 e6 3.d4 cxd4 4.Nxd4 Nc6 5.Nc3 a6 6.Be3 Nf6 7.Qd2 Bb4 8.f3 d5
9.a3 Qa5 10.Nb3 Bxc3 11.bxc3 Qc7 12.Bg5 dxe4 13.Bxf6 gxf6 14.fxe4 Qe5 15.Be2 Bd7
16.O-O Rc8 17.Rf3 Qg5 18.Qd6 Ne5 19.Rg3 Qf4 20.Qd4 Bc6 21.Bd3 Rd8 22.Qb4 h5
23.Rf1 Qh6 24.h4 Qf8 25.Rxf6 Qe7 26.Rf4 Qc7 27.Rf2 Ng4 28.Rff3 Ne5 29.Rf2 Ng4
30.Rff3 Ne5 31.Rf1 Ng4 32.Rh3 Qe5 33.Nd4 Rg8 34.Nf3 Qd6 35.Qb6 Qxa3 36.Ng5 Qxc3
37.Nxf7 Qd4+ 38.Qxd4 Rxd4 39.Ng5 Bd7 40.c3 Ra4 41.Rb1 b5 42.Bc2 Ra3 43.Bd1 Ke7
44.Rf3 Ne5 45.Rg3 Rc8 46.Bxh5 Rh8 47.Be2 Rxh4 48.Kf2 Bc6 49.Rb4 Ra2 50.Ke3 Rc2
51.Rb3 Kd6 52.Rh3 Rxh3+ 53.gxh3 Rc1 54.Nf3 Rh1 55.Ng5 Rh2 56.Rb1 Rg2 57.h4 Ng6
58.Bf3 Rh2 59.h5 Ne5 60.Be2 Ke7 61.Ra1 Kf6 62.Rg1 Ke7 63.Ra1 Kf6 64.Rg1 Ke7
65.Nh7 Bxe4 66.Rg7+ Kd6 67.Ng5 Bf5 68.Ra7 Ng4+ 69.Bxg4 Bxg4 70.h6 Kd5 71.h7 Bf5
72.Rxa6 Bxh7 73.Nxe6 Rh3+ 74.Kd2 Rd3+ 75.Kc1 Rxc3+ 76.Kb2 Rg3  1/2-1/2

[Event "5th Rohde Open"]
[Site "Sautron FRA"]
[Date "2005.10.30"]
[Round "9"]
[White "Geller,J"]
[Black "Colovic,A"]
[Result "1/2-1/2"]
[WhiteElo "2490"]
[BlackElo "2473"]

1.e4 c5 2.Nf3 e6 3.d4 cxd4 4.Nxd4 Nc6 5.Nc3 Qc7 6.g3 a6 7.Bg2 Nf6 8.O-O Nxd4
9.Qxd4 Bc5 10.Bf4 d6 11.Qd2 h6 12.Rad1 e5 13.Be3 Be6 14.Bxc5 dxc5 15.Qd6 Qxd6
16.Rxd6 Rd8 17.Rb6 Rd7 18.f4 Kd8 19.fxe5 Ng4 20.Na4 Kc7  1/2-1/2

[Event "9th Bavarian Open"]
[Site "Bad Wiessee GER"]
[Date "2005.11.01"]
[Round "4"]
[White "Zaragatski,I"]
[Black "Delchev,A"]
[Result "0-1"]
[WhiteElo "2376"]
[BlackElo "2669"]

1.e4 c5 2.Nf3 e6 3.d4 cxd4 4.Nxd4 Nc6 5.Nc3 Qc7 6.Be3 a6 7.Bd3 Nf6 8.O-O Nxd4
9.Bxd4 Bc5 10.Bxc5 Qxc5 11.Na4 Qc7 12.c4 d6 13.Rc1 O-O 14.c5 Bd7 15.cxd6 Qxd6
16.Nc5 Bc6 17.Qe2 Rac8 18.Rfd1 Qe5 19.f3 Rfd8 20.Qf2 h5 21.Bf1 Qg5 22.b4 h4
23.Rxd8+ Rxd8 24.Nb3 Nh5 25.Rc5 e5 26.Nd4 Nf4 27.Kh1 Ba4 28.Nf5 Rd1 29.g3 Nd3
30.Rc8+ Kh7 31.Qe2 Nc1 32.Qf2 Bb5 33.Ne3 Nd3 34.Qg1 Re1 35.a4 Bxa4 36.f4 exf4
37.Ng2 Ra1 38.gxf4 Nxf4 39.Rc5 Qg4 40.Nxf4 Qf3+  0-1

[Event "Autumn Open"]
[Site "Venice ITA"]
[Date "2005.11.01"]
[Round "5"]
[White "Djuric,S"]
[Black "Sarakauskas,G"]
[Result "1-0"]
[WhiteElo "2460"]
[BlackElo "2437"]

1.e4 c5 2.Nf3 e6 3.Nc3 Nc6 4.d4 cxd4 5.Nxd4 Nf6 6.a3 Qc7 7.f4 Nxd4 8.Qxd4 Bc5
9.Qd1 d5 10.e5 Ne4 11.Nxe4 dxe4 12.b4 Be7 13.Bb5+ Bd7 14.Bxd7+ Qxd7 15.Qxd7+ Kxd7
16.Bd2 f5 17.exf6 gxf6 18.O-O-O Rhg8 19.Rhe1 f5 20.Re2 Kc6 21.Re3 Rxg2 22.Rc3+ Kb5
23.Rc7 Bd6 24.Rxb7+ Kc6 25.Rxh7 a5 26.Kb2 axb4 27.Bxb4 Bxf4 28.Re7 Rg6 29.h4 e3
30.h5 Rh6 31.Kb3 Be5 32.Kc4 f4 33.Rf1 Rd8 34.Re1 Rd4+ 35.Kb3 Re4 36.Rg1 f3
37.Rg8 Rxb4+ 38.axb4 e2 39.Rc8+ Kd6 40.Rcc7 Kd5 41.Red7+ Ke4 42.Rc4+ Kf5
43.Rf7+ Rf6 44.Rg7 e1=Q  1-0

[Event "9th Bavarian Open"]
[Site "Bad Wiessee GER"]
[Date "2005.11.02"]
[Round "5"]
[White "Klundt,K"]
[Black "Kroencke,M"]
[Result "1-0"]
[WhiteElo "2377"]
[BlackElo "2194"]

1.e4 c5 2.Nf3 e6 3.d4 cxd4 4.Nxd4 Nc6 5.Nc3 Qc7 6.g3 a6 7.Bg2 Nf6 8.O-O Be7
9.Re1 Nxd4 10.e5 Nxc2 11.Qxc2 Ng4 12.Qe2 h5 13.h3 Nh6 14.Qxh5 Rb8 15.Bg5 Bxg5
16.Qxg5 Kf8 17.Rac1 Kg8 18.Nd5 Qa5 19.b4  1-0

[Event "USCL"]
[Site "ICC INT"]
[Date "2005.11.02"]
[Round "10"]
[White "Rogers,N"]
[Black "Krush,I"]
[Result "0-1"]
[WhiteElo "2299"]
[BlackElo "2437"]

1.e4 c5 2.Nf3 e6 3.Nc3 Nc6 4.d4 cxd4 5.Nxd4 d6 6.Be3 Nf6 7.f3 Be7 8.Qd2 O-O
9.O-O-O a6 10.g4 Nd7 11.h4 Nxd4 12.Qxd4 b5 13.g5 Qa5 14.h5 b4 15.h6 gxh6
16.Rg1 h5 17.Nb1 Ne5 18.Be2 Ng6 19.Bc4 Bb7 20.Nd2 Qc7 21.Kb1 a5 22.Be2 Rfc8
23.Rc1 Bf8 24.Nf1 d5 25.Qd2 h4 26.Bd3 dxe4 27.Bxe4 Bxe4 28.fxe4 Bg7 29.Qh2 Be5
30.Qf2 a4 31.Bd4 a3 32.b3 Rd8 33.c3 bxc3 34.Bxe5 Qxe5 35.Qc2 Nf4 36.Ne3 Rd2
37.Qxc3 Qxc3 38.Rxc3 Ne2 39.Rgc1 Rb2+ 40.Ka1 Nxc3  0-1

[Event "9th Bavarian Open"]
[Site "Bad Wiessee GER"]
[Date "2005.11.03"]
[Round "6"]
[White "Womacka,M"]
[Black "Akesson,R"]
[Result "1/2-1/2"]
[WhiteElo "2397"]
[BlackElo "2486"]

1.e4 c5 2.Nf3 e6 3.d4 cxd4 4.Nxd4 Nc6 5.Nc3 Qc7 6.Be3 Nf6 7.f4 Bb4 8.Nb5 Qa5
9.e5 Ne4 10.Qd3 Nxc3 11.Nxc3 Bxc3+ 12.bxc3 b6 13.Be2 Bb7 14.O-O Ne7 15.c4 Nf5
16.Bf2 h5 17.Rfd1 Qa4 18.Qb3 Qc6 19.Bf3 Qc7 20.c5 Bxf3 21.Qxf3 Rb8 22.cxb6 axb6
23.c4 Qxc4 24.Rac1 Qa4 25.Rc7 O-O 26.Rdxd7 Rfd8 27.Qd3 Rf8 28.Qc4 Ra8 29.Bxb6 Qxc4
30.Rxc4 Rxa2 31.Rdc7 Kh7 32.Rc2 Ra4 33.g3 Rb8 34.Bf2 Kg6 35.Kg2 Rb3 36.R7c3 Rbb4
37.Kf3 Nh6 38.Bc5 Rb1 39.Rc1 Rxc1 40.Rxc1 Ra2 41.h3 h4 42.gxh4 Nf5 43.Bf2 Ra3+
44.Kg2 Rd3 45.Rc7 Nh6 46.Rc4 Rb3 47.Ra4 Rb7 48.Kf3 Nf5 49.Ra7 Nxh4+ 50.Kg4 Rxa7
51.Bxa7 Nf5 52.Bb6 Nh6+ 53.Kf3 Kf5 54.Bd8 Ng8  1/2-1/2

[Event "Corsica Masters KO"]
[Site "Bastia FRA"]
[Date "2005.11.04"]
[Round "2.1"]
[White "Almasi,Z"]
[Black "David,Alb"]
[Result "0-1"]
[WhiteElo "2640"]
[BlackElo "2595"]

1.e4 c5 2.Nf3 e6 3.d4 cxd4 4.Nxd4 Nc6 5.Nc3 d6 6.Be2 Nf6 7.O-O Be7 8.Be3 O-O
9.f4 a6 10.Kh1 Qc7 11.a4 Re8 12.Bf3 Bd7 13.Nb3 b6 14.g4 Bc8 15.g5 Nd7 16.Bg2 Bb7
17.Qh5 g6 18.Qh4 Nb4 19.Rf2 Bf8 20.Raf1 Bg7 21.Qh3 Rac8 22.Bd4 e5 23.fxe5 Nxe5
24.Bxe5 Rxe5 25.Rxf7 Re7 26.Rxe7 Qxe7 27.Qe3 Nxc2 28.Qd2 Bxc3 29.Qxc2 Bg7
30.Qd2 Bxe4 31.Re1 Bxg2+ 32.Kxg2 Qb7+ 33.Kg1 Be5 34.Qd3 Rf8 35.Nd2 Bxh2+
36.Kxh2 Rf2+  0-1